| 000 | 00567cam a2200205ua 4500 | ||
|---|---|---|---|
| 001 | 861 | ||
| 008 | 110421n ii |||gr||||Z||||||asm | ||
| 040 | _cMAIN | ||
| 082 | _a320.3 | ||
| 245 | 1 |
_aTulonamulok sarkar bebyosta _cby Mrigendra Narayan Das |
|
| 250 | _a2nd. | ||
| 260 |
_aDibrugarh: _bStudents amporium,996. |
||
| 300 |
_a162p.: _c25cm. |
||
| 653 | _aPolitical science | ||
| 653 | _aTulonamulok sarkar bebyosta | ||
| 700 |
_aDas, Mrigendra Narayan, _eAuthor. |
||
| 700 |
_aLahon, Thaneswar., _eAuthor. |
||
| 700 |
_aSahu, Nandakumar., _eAuthor. |
||
| 942 | _cBK | ||
| 999 |
_c784 _d784 |
||